| 000 | 01465cam a22004097a 4500 | ||
|---|---|---|---|
| 001 | 14520366 | ||
| 003 | OSt | ||
| 005 | 20140310182741.0 | ||
| 008 | 060818s2006 gw a b 000 0 eng d | ||
| 010 | _a 2006499529 | ||
| 015 |
_aGBA634934 _2bnb |
||
| 016 | 7 |
_a013128093 _2Uk |
|
| 020 | _a9783822830604 | ||
| 035 | _a(OCoLC)ocm57559968 | ||
| 035 | _a(OCoLC)57559968 | ||
| 040 |
_aBGU _cBGU _dOCLCQ _dOHX _dUKM _dBAKER _dYDXCP _dDLC |
||
| 041 | 1 |
_aeng _hger |
|
| 042 | _alccopycat | ||
| 043 | _an-us--- | ||
| 050 | 0 | 0 |
_aN 6512.5.M5 _b.M562 2004 |
| 245 | 0 | 0 |
_aMinimal art / _cDaniel Marzona, Uta Grosenick (ed.). |
| 260 |
_aKöln ; _aLos Angeles : _bTaschen, _cc2006. |
||
| 300 |
_a94, [2] p. : _bill. (some col.) ; _c23 cm. |
||
| 504 | _aIncludes bibliographical references (p. [96]). | ||
| 521 | _aMA | ||
| 562 | _efor circulation. 1 copy available in the collection | ||
| 650 | 0 |
_aMinimal art _zUnited States. |
|
| 650 | 0 |
_aArt, American _y20th century. |
|
| 700 | 1 | _aMarzona, Daniel. | |
| 700 | 1 | _aGrosenick, Uta. | |
| 856 | 4 | 2 |
_3Contributor biographical information _uhttp://www.loc.gov/catdir/enhancements/fy0913/2006499529-b.html |
| 856 | 4 | 2 |
_3Publisher description _uhttp://www.loc.gov/catdir/enhancements/fy0915/2006499529-d.html |
| 906 |
_a7 _bcbc _ccopycat _d2 _encip _f20 _gy-gencatlg |
||
| 942 |
_2lcc _cBK _kFOR |
||
| 999 |
_c15565 _d15565 |
||